• 首页
  • 本馆介绍
  • 公告通知
  • 最新文献
  • 馆藏检索
  • 电子资源
  • 读者导购
  • 参考咨询
  • 我的图书馆
  • 登录
  • 详细信息显示
  • 放入我的书架
  • 预约/预借图书
  • 作者相关作品
  • 分类相关作品
  • 丛书相关作品
  • 出版社相关作品

书目信息

  • 表格格式
  • 工作单格式
  • 卡片格式
题名:
理性填报高考志愿
    
 
作者: 邱磊 编著
分册:  
出版信息: 上海   上海交通大学出版社  2019
页数: 166页
开本: 26cm
丛书名:
单 册:
中图分类: G647.32
科图分类:
主题词: 毕业生--高中--升学参考资料 , 高等学校--招生--介绍--上海
电子资源:
ISBN: 978-7-313-21251-1
000 01030nam0 2200241 450
001 012001000695
005 20131024134006.0
010    @a978-7-313-21251-1@dCNY35.00
100    @a20190731d2019 em y0chiy50 ea
101 0  @achi
102    @aCN@b310000
105    @aak z 000yy
106    @ar
200 1  @a理性填报高考志愿@9li xing tian bao gao kao zhi yuan@f邱磊编著
210    @a上海@c上海交通大学出版社@d2019
215    @a166页@c图@d26cm
330    @a本书主要介绍了上海秋考基本政策、各批次志愿填报规则及如何填写提前批次、综合评价批次、本科普通批次志愿相关内容,同时也对不进行统招的港澳台高校的招生、报考情况进行了解析。本书主要针对高考考生、考生家长、高中老师及相关从业人员。另外,书中还配有大量实例,深入浅出,形象生动,让读者在短时间内快速了解相关内容,掌握各批次志愿填报的精髓,理性选择适合自己的志愿方案。
606 0  @a毕业生@x高中@j升学参考资料
606 0  @a高等学校@x招生@x介绍@y上海
690    @aG647.32@v5
701  0 @a邱磊@9qiu lei@4编著
801  0 @aCN@b江苏凤凰@c20191020
905    @b1220978-80@dG647.32@e1495@f3
    
    理性填报高考志愿/邱磊编著.-上海:上海交通大学出版社,2019
    166页:图;26cm
    
    
    ISBN 978-7-313-21251-1:CNY35.00
    本书主要介绍了上海秋考基本政策、各批次志愿填报规则及如何填写提前批次、综合评价批次、本科普通批次志愿相关内容,同时也对不进行统招的港澳台高校的招生、报考情况进行了解析。本书主要针对高考考生、考生家长、高中老师及相关从业人员。另外,书中还配有大量实例,深入浅出,形象生动,让读者在短时间内快速了解相关内容,掌握各批次志愿填报的精髓,理性选择适合自己的志愿方案。
●
相关链接 在E读中查询图书 在五车中查询图书 在当当中查询图书 在豆瓣中查询图书


正题名:理性填报高考志愿     索取号:G647.32/1495         预约/预借

序号 登录号 条形码 馆藏地/架位号 状态 备注
1 1220978   212209787   第一样本阅览室/ [索取号:G647.32/1495] 在馆    
2 1220979   212209796   第四借阅区/ [索取号:G647.32/1495] 在馆    
3 1220980   212209803   教育系资料室/ [索取号:G647.32/1495] 在馆    
唐山师范学院图书馆 欢迎您!
大连网信软件有限公司© 版权所有